00894cam 2200253 4500001000800000005001700008008004100025035002100066906004500087010001700132040001800149050003200167082001000199100003500209245012000244260004600364300001900410440003300429504003000462650002300492700004000515991005200555099003300607358463719860624000000.0790516s1959 ilu b 000 0 eng  9(DLC) 61000840 a7bcbccorignewdueocipf19gy-gencatlg a 61000840  aDLCcDLCdDLC00aAC1b.G74 1959 vol. 2aJA6600a320.11 aAdler, Mortimer Jerome,d1902-14aThe development of political theory and government,cby Mortimer J. Adler and Peter Wolff. Pref. by William Benton. aChicago,bEncyclopedia Britannica,c1959. a225 p.c21 cm. 4aThe Great ideas program ;v2 aBibliography: p. 222-225. 0aPolitical science.1 aWolff, Peter,d1923-ejoint author. bc-GenCollhAC1i.G74 1959 vol. 2tCopy 1wBOOKS aadler-development-1072276659